Effect of agro-ecosystem condition on rice yield inroduced from china in tunle bati agricultural development center, ឥទ្ធិពលលក្ខខណ្ឌក្សេត្រ បរិស្ថានលើទិន្នផលពូជស្រូវនំាចូលពីប្រទេសចិន នៅមណ្ឌលអភិវឌ្ឍន៍កសិកម្មទន្លេបាទី ខេត្តតាកែវ. (Record no. 4400)

000 -LEADER
fixed length control field 00832nam a22001577a 4500
003 - CONTROL NUMBER IDENTIFIER
control field OSt
005 - DATE AND TIME OF LATEST TRANSACTION
control field 20151211152144.0
008 - FIXED-LENGTH DATA ELEMENTS--GENERAL INFORMATION
fixed length control field 151211b xxu||||| |||| 00| 0 eng d
040 ## - CATALOGING SOURCE
Transcribing agency RUA
082 ## - DEWEY DECIMAL CLASSIFICATION NUMBER
Classification number ATM HEM 2004 B210 Or.1
100 ## - MAIN ENTRY--PERSONAL NAME
9 (RLIN) 4721
Personal name HEM SOPHAL; ហែម​សុផល.
245 ## - TITLE STATEMENT
Title Effect of agro-ecosystem condition on rice yield inroduced from china in tunle bati agricultural development center, ឥទ្ធិពលលក្ខខណ្ឌក្សេត្រ បរិស្ថានលើទិន្នផលពូជស្រូវនំាចូលពីប្រទេសចិន នៅមណ្ឌលអភិវឌ្ឍន៍កសិកម្មទន្លេបាទី ខេត្តតាកែវ.
260 ## - PUBLICATION, DISTRIBUTION, ETC. (IMPRINT)
Place of publication, distribution, etc. Phnom Penh
Name of publisher, distributor, etc. RUA
Date of publication, distribution, etc. 2004
300 ## - PHYSICAL DESCRIPTION
Extent vii; 41p.
Other physical details ill.
Dimensions 29cm.
942 ## - ADDED ENTRY ELEMENTS (KOHA)
Source of classification or shelving scheme
Koha item type ATM.s
Holdings
Price effective from Date last seen Permanent Location Not for loan Date acquired Source of classification or shelving scheme Koha item type Lost status Withdrawn status Date last checked out Total Checkouts Shelving location Damaged status Barcode Current Location Full call number
2015-12-112015-12-11Library Block B 2015-12-11 ATM.s    B210 RUA039267Library Block BATM HEM 2004 B210 Or.1
2015-12-112015-12-11Library Block B 2015-12-11 ATM.s    B210 RUA038914Library Block BATM HEM 2004 B210 Or.2
2015-12-112015-12-11Library Block B 2015-12-11 ATM.s    B210 RUA038362Library Block BATM HEM 2004 B210 Or.3
2015-12-112015-12-11Library Block B 2015-12-11 ATM.s    B210 RUA039072Library Block BATM HEM 2004 B210 Or.4
2015-12-112016-08-30Library Block B 2015-12-11 ATM.s  2016-08-091B210 RUA039088Library Block BATM HEM 2004 B210 Or.5
2015-12-112015-12-11Library Block B 2015-12-11 ATM.s    B210 RUA038913Library Block BATM HEM 2004 B210 Or.6
2015-12-112015-12-11Library Block B 2015-12-11 ATM.s    B210 RUA038980Library Block BATM HEM 2004 B210 Or.7
2015-12-112015-12-11Library Block B 2015-12-11 ATM.s    B210 RUA034604Library Block BATM HEM 2004 B210 Or.8
2015-12-112015-12-11Library Block B 2015-12-11 ATM.s    B210 RUA033496Library Block BATM HEM 2004 B210 Or.9
2015-12-112015-12-11Library Block B 2015-12-11 ATM.s    B210 RUA033572Library Block BATM HEM 2004 B210 Or.10
មជ្ឈមណ្ឌលឯការនៃសាកលវិទ្យាល័យភូមិន្ទកសិកម្មចំការដូង

Powered by Koha